[Event "Campeonato Brasileiro Juvenil 2012 - Abs"]
[Site "Sao Paulo"]
[Date "2012.06.09"]
[Round "5.1"]
[White "Barbosa, Evandro Amorim"]
[Black "Goncalves, Ivan Mesquita V"]
[Result "1-0"]
[WhiteElo "2401"]
[BlackElo "2100"]
[PlyCount "69"]
[EventDate "2012.06.07"]

1. e4 c5 2. Nf3 d6 3. d4 cxd4 4. Nxd4 Nf6 5. Nc3 Nc6 6. Be2 e5 7. Nf3 h6 8. O-O
Be7 9. Re1 O-O 10. h3 Be6 11. Bf1 Rc8 12. Nd5 Bxd5 13. exd5 Nb8 14. c4 a5 15.
a3 Qc7 16. b4 b6 17. Bd2 axb4 18. axb4 b5 19. cxb5 Qb7 20. Be3 Qxd5 21. Ra7 Bd8
22. Qd2 Qxd2 23. Nxd2 Nbd7 24. Ne4 d5 25. Nxf6+ Nxf6 26. Bc5 Re8 27. b6 Rb8 28.
Bb5 Re6 29. b7 Kh7 30. Ba6 Nd7 31. Ra8 Bc7 32. Rc1 Rxa6 33. Rxa6 Rxb7 34. Ra7
Rxa7 35. Bxa7 1-0

[Event "Campeonato Brasileiro Juvenil 2012 - Abs"]
[Site "Sao Paulo"]
[Date "2012.06.09"]
[Round "5.2"]
[White "Quintiliano Pinto, Renato R"]
[Black "Maranhao, Jose Renato Ruiz"]
[Result "1-0"]
[WhiteElo "2272"]
[BlackElo "2090"]
[PlyCount "123"]
[EventDate "2012.06.07"]

1. Nf3 Nf6 2. c4 e6 3. g3 d5 4. d4 c5 5. cxd5 Nxd5 6. Bg2 Nc6 7. O-O Bd7 8. e4
Nb6 9. d5 Nb4 10. Nc3 exd5 11. exd5 Be7 12. a3 Na6 13. d6 Bf6 14. Re1+ Be6 15.
Ne5 Rb8 16. d7+ Nxd7 17. Nxd7 Qxd7 18. Qxd7+ Kxd7 19. Rd1+ Kc8 20. Nb5 g5 21.
Nxa7+ Kc7 22. Nb5+ Kb6 23. Nd6 Rhd8 24. Be3 Rd7 25. Ne4 Bd4 26. Bxg5 Bb3 27.
Rd2 f5 28. Nc3 Re8 29. Bf1 Nc7 30. Bf4 Nd5 31. Bb5 Bxc3 32. Bxd7 Bxd2 33. Bxe8
Nxf4 34. gxf4 Bxf4 35. Re1 c4 36. Re2 Bd1 37. Re7 h6 38. Bf7 Bb3 39. Bd5 Bc1
40. Rxb7+ Kc5 41. Bxc4 Bxc4 42. Rc7+ Kd4 43. b3 Bxa3 44. Rxc4+ Kd5 45. Kg2 Bd6
46. h3 Be5 47. Kf3 Bd6 48. Rh4 Bf8 49. b4 Ke5 50. b5 Kd5 51. b6 Kc6 52. Kf4
Kxb6 53. Kxf5 Kc5 54. Kg6 Kd5 55. Rf4 Ba3 56. Rf5+ Ke6 57. f4 Bb2 58. Rf7 Bc1
59. f5+ Kd6 60. Rb7 Bf4 61. f6 Ke6 62. Re7+ 1-0

[Event "Campeonato Brasileiro Juvenil 2012 - Abs"]
[Site "Sao Paulo"]
[Date "2012.06.09"]
[Round "5.3"]
[White "Branchini, Fernando Luis Sakamo"]
[Black "Marques, Joao Paulo Cassemiro"]
[Result "0-1"]
[WhiteElo "1972"]
[BlackElo "2191"]
[PlyCount "84"]
[EventDate "2012.06.07"]

1. e4 c5 2. Nc3 Nc6 3. g3 g6 4. Bg2 Bg7 5. f4 d6 6. Nf3 e6 7. O-O Nge7 8. d3
O-O 9. Be3 Rb8 10. Qd2 Nd4 11. Rab1 b5 12. Ne2 Nxf3+ 13. Bxf3 b4 14. c3 Qa5 15.
cxb4 Qxb4 16. Qxb4 cxb4 17. e5 dxe5 18. Bxa7 Rb5 19. fxe5 Bxe5 20. Bd4 Ba6 21.
Rfd1 Rd8 22. Bxe5 Rxe5 23. Kf2 Rxd3 24. Nf4 Rxd1 25. Rxd1 Ra5 26. Rd4 e5 27.
Rd8+ Kg7 28. Nd5 Nc6 29. Rd6 Bb5 30. Nc7 Nd4 31. Bd5 Bc4 32. Bxc4 Rc5 33. Ne8+
Kf8 34. Rd8 Ke7 35. Nd6 Nc6 36. Re8+ Kxd6 37. Bxf7 Rc2+ 38. Ke3 Rxh2 39. Re6+
Kd7 40. Bg8 Rxb2 41. Rf6 Ne7 42. Bb3 Rxb3+ 0-1

[Event "Campeonato Brasileiro Juvenil 2012 - Abs"]
[Site "Sao Paulo"]
[Date "2012.06.09"]
[Round "5.4"]
[White "Proudian, Armen"]
[Black "Devescovi Parreira, Pedro Paulo"]
[Result "1-0"]
[WhiteElo "2147"]
[BlackElo "2085"]
[PlyCount "81"]
[EventDate "2012.06.07"]

1. e4 c5 2. Nf3 Nc6 3. d4 cxd4 4. Nxd4 Nf6 5. Nc3 e5 6. Ndb5 d6 7. Bg5 a6 8.
Na3 b5 9. Nd5 Be7 10. Bxf6 Bxf6 11. c4 b4 12. Nc2 Bg5 13. g3 Qa5 14. b3 O-O 15.
h4 Bh6 16. Bh3 Be6 17. Kf1 Qc5 18. Kg2 Ra7 19. Qd3 a5 20. Rad1 Kh8 21. Nde3
Bxe3 22. Nxe3 Rd8 23. Rd2 a4 24. Nc2 g6 25. Bxe6 fxe6 26. h5 gxh5 27. Qf3 Kg8
28. Rxh5 Rg7 29. Qf6 Re8 30. Rg5 Rxg5 31. Qxg5+ Kh8 32. Qf6+ Kg8 33. Ne3 Nd8
34. Ng4 Nf7 35. Rd3 Qc8 36. Rf3 Rf8 37. Qh4 h6 38. Qf6 axb3 39. Qg6+ Kh8 40.
Nf6 bxa2 41. Qh7# 1-0

[Event "Campeonato Brasileiro Juvenil 2012 - Abs"]
[Site "Sao Paulo"]
[Date "2012.06.09"]
[Round "5.5"]
[White "Abdalla, Jose Lucas Aurelli"]
[Black "Caetano, Hugo Zanotti Mendonc"]
[Result "0-1"]
[WhiteElo "2098"]
[BlackElo "2047"]
[PlyCount "62"]
[EventDate "2012.06.07"]

1. e4 c5 2. Nf3 d6 3. c3 Nf6 4. Be2 Nc6 5. d4 cxd4 6. cxd4 Nxe4 7. d5 Qa5+ 8.
Nc3 Nxc3 9. bxc3 Ne5 10. Nxe5 Qxc3+ 11. Bd2 Qxe5 12. O-O Qxd5 13. Rb1 Bd7 14.
Bf3 Qxa2 15. Rxb7 Rc8 16. Qe2 e6 17. Rfb1 Be7 18. Be4 Qa4 19. R1b4 Qa1+ 20. Rb1
Qa4 21. R1b4 Qa1+ 22. Rb1 Qe5 23. Rxa7 d5 24. Rbb7 Bc5 25. Rxd7 Bxa7 26. Qb5
O-O 27. Rxa7 Qxe4 28. h3 Rb8 29. Qd7 Rb1+ 30. Kh2 Qe5+ 31. g3 Qe4 0-1

[Event "Campeonato Brasileiro Juvenil 2012 - Abs"]
[Site "Sao Paulo"]
[Date "2012.06.09"]
[Round "5.6"]
[White "Martins, Anderson Donay"]
[Black "Santiago, Yago De Moura"]
[Result "0-1"]
[WhiteElo "1946"]
[BlackElo "2347"]
[PlyCount "58"]
[EventDate "2012.06.07"]

1. e4 c5 2. Nc3 a6 3. f4 b5 4. Nf3 Bb7 5. d3 e6 6. g3 b4 7. Ne2 d5 8. exd5 Bxd5
9. Bg2 h5 10. O-O Nh6 11. Ne5 Bxg2 12. Kxg2 Qd5+ 13. Rf3 Bd6 14. c4 Qb7 15.
Qa4+ Ke7 16. Bd2 Ng4 17. Raf1 Bxe5 18. fxe5 Nxe5 19. d4 Nxf3 20. Rxf3 Nc6 21.
d5 Ne5 22. Qb3 Nxf3 23. Qxf3 exd5 24. cxd5 Kf8 25. Be3 Rc8 26. Qf5 Kg8 27. Nf4
Rh6 28. Nxh5 Rxh5 29. Qxh5 Rd8 0-1

[Event "Campeonato Brasileiro Juvenil 2012 - Abs"]
[Site "Sao Paulo"]
[Date "2012.06.09"]
[Round "5.7"]
[White "De Sousa, Matheus Mazim"]
[Black "Sztokbant, Bernardo Vainzoff"]
[Result "1/2-1/2"]
[WhiteElo "1818"]
[BlackElo "2093"]
[PlyCount "257"]
[EventDate "2012.06.07"]

1. d4 d5 2. c4 e6 3. Nc3 Be7 4. Nf3 Nf6 5. e3 O-O 6. Bd3 b6 7. O-O Bb7 8. Qe2
Nbd7 9. e4 dxe4 10. Nxe4 c5 11. Rd1 Qc7 12. b3 Rfd8 13. Bb2 Qf4 14. Ng3 Bxf3
15. Qxf3 Qxf3 16. gxf3 cxd4 17. Bxd4 Nc5 18. Bc2 Nfd7 19. b4 Na6 20. a3 Bf6 21.
Ne4 Bxd4 22. Rxd4 Ne5 23. Rxd8+ Rxd8 24. Bd1 Nxc4 25. Be2 Rd4 26. Rc1 b5 27.
Nc3 Nc7 28. Nxb5 Nxb5 29. Bxc4 Nxa3 30. Bd3 g6 31. Rc3 Nb1 32. Bxb1 Rd1+ 33.
Kg2 Rxb1 34. Ra3 Rxb4 35. Rxa7 Kg7 36. Kg3 g5 37. h3 Kg6 38. Ra8 h5 39. Rg8+
Kf5 40. Ra8 e5 41. Ra6 Rb3 42. Kg2 Rb8 43. Ra4 Rb6 44. Rc4 Re6 45. Ra4 Rc6 46.
Rb4 Rd6 47. Ra4 Rf6 48. Ra5 Re6 49. Ra4 Kg6 50. Ra8 h4 51. Rg8+ Kf5 52. Ra8 Rd6
53. Ra4 Rd4 54. Ra6 f6 55. Rb6 Rd7 56. Ra6 Re7 57. Ra4 Rc7 58. Ra6 Rg7 59. Ra4
Rf7 60. Ra6 Rf8 61. Ra5 Re8 62. Ra4 Kg6 63. Ra6 Kf5 64. Ra4 Re6 65. Ra5 Kg6 66.
Ra8 Kg7 67. Ra7+ Kh6 68. Rf7 Kg6 69. Rf8 Kf5 70. Ra8 Kf4 71. Ra4+ Kf5 72. Ra5
Kg6 73. Ra8 Rd6 74. Ra5 Kf5 75. Ra4 Rd4 76. Ra6 e4 77. fxe4+ Rxe4 78. Kf3 Re5
79. Rb6 Rd5 80. Rb3 Rc5 81. Ra3 Kg6 82. Ra6 Rc4 83. Rb6 Rf4+ 84. Kg2 Kh5 85.
Rb8 Ra4 86. Rg8 Kh6 87. Rh8+ Kg6 88. Rb8 Kf5 89. Kf3 Ra3+ 90. Kg2 Ra4 91. Kf3
Rf4+ 92. Kg2 Re4 93. Kf3 Re6 94. Rb5+ Kg6 95. Rb8 Rc6 96. Ra8 Rc3+ 97. Kg2 Rc4
98. Ra6 Kf5 99. Kf3 Rf4+ 100. Kg2 g4 101. Ra5+ Kg6 102. hxg4 Rxg4+ 103. Kh3 Rf4
104. Kg2 f5 105. Ra8 Rb4 106. Rg8+ Kf6 107. Rh8 Kg5 108. Rg8+ Kf6 109. Rh8 Kg7
110. Rh5 Rf4 111. Kh3 Rxf2 112. Rxh4 Kg6 113. Ra4 Kg5 114. Kg3 Rb2 115. Ra3 Rb4
116. Rc3 Rg4+ 117. Kf3 Rh4 118. Kg3 f4+ 119. Kg2 Rh8 120. Ra3 Kg4 121. Ra7 Re8
122. Rg7+ Kf5 123. Kf3 Re3+ 124. Kf2 Re6 125. Kf3 Re3+ 126. Kf2 Ra3 127. Rd7
Ke5 128. Re7+ Kd5 129. Re8 1/2-1/2

[Event "Campeonato Brasileiro Juvenil 2012 - Abs"]
[Site "Sao Paulo"]
[Date "2012.06.09"]
[Round "5.8"]
[White "Gotz, Klaus Seiji Furucho"]
[Black "Quevedo Naissinger, Willian"]
[Result "1-0"]
[WhiteElo "1975"]
[BlackElo "1940"]
[PlyCount "120"]
[EventDate "2012.06.07"]

1. d4 Nf6 2. c4 g6 3. Nc3 d5 4. cxd5 Nxd5 5. e4 Nxc3 6. bxc3 Bg7 7. Bc4 c5 8.
Ne2 Nc6 9. Be3 O-O 10. O-O Qc7 11. Rc1 Na5 12. Bd3 Bg4 13. f3 Bd7 14. Qd2 Rac8
15. Bh6 Bxh6 16. Qxh6 cxd4 17. cxd4 Qd6 18. Qd2 Nc6 19. e5 Qb4 20. Qxb4 Nxb4
21. Bc4 b5 22. Bb3 Nd3 23. Rb1 a5 24. Rfd1 Nb4 25. Ng3 a4 26. Bxf7+ Kxf7 27.
Rxb4 Rc2 28. d5 e6 29. dxe6+ Kxe6 30. Ne4 Rfc8 31. Ng5+ Ke7 32. Rbd4 Be6 33.
Rd6 Bg8 34. Rd7+ Ke8 35. Ne4 Rxa2 36. Nf6+ Kf8 37. Rd8+ Rxd8 38. Rxd8+ Ke7 39.
Rxg8 Rd2 40. Ra8 Rb2 41. Ra6 Rd2 42. Ne4 Rc2 43. Ra5 b4 44. Rxa4 b3 45. Rb4 b2
46. Nc3 Ke6 47. f4 Kf5 48. g3 h5 49. Nd1 Rc1 50. Rxb2 Rxd1+ 51. Kg2 g5 52. fxg5
Re1 53. h4 Rxe5 54. Rf2+ Kg6 55. Rf6+ Kg7 56. Rh6 Re2+ 57. Kf3 Ra2 58. Rxh5
Ra3+ 59. Kg4 Ra4+ 60. Kh3 Ra6 1-0

[Event "Campeonato Brasileiro Juvenil 2012 - Abs"]
[Site "Sao Paulo"]
[Date "2012.06.09"]
[Round "5.9"]
[White "Araujo, Renan Aparecido"]
[Black "Fleck Da Silva, Rafael"]
[Result "1/2-1/2"]
[WhiteElo "1878"]
[BlackElo "1927"]
[PlyCount "127"]
[EventDate "2012.06.07"]

1. d4 Nf6 2. Nf3 g6 3. c4 Bg7 4. Nc3 d5 5. e3 O-O 6. Qb3 e6 7. Be2 Nc6 8. cxd5
exd5 9. O-O Ne7 10. Ne5 Nd7 11. Nxd7 Qxd7 12. Bf3 c6 13. Na4 b6 14. Bd2 Ba6 15.
Rfc1 Bc4 16. Qa3 Nf5 17. Bg4 Rfe8 18. Bxf5 gxf5 19. b3 Bd3 20. Qb2 Re6 21. Qc3
Bb5 22. Nb2 f4 23. Nd3 Bxd3 24. Qxd3 f3 25. Qf5 fxg2 26. Rc2 Bxd4 27. Qg4+ Bg7
28. Bc3 f5 29. Qxf5 Bxc3 30. Rxc3 Qf7 31. Qxf7+ Kxf7 32. Rac1 c5 33. Rd1 Re5
34. Rcd3 Ke6 35. f4 Rh5 36. Kxg2 Rg8+ 37. Kh1 b5 38. R1d2 a5 39. Rc2 c4 40.
bxc4 bxc4 41. Ra3 Rh3 42. Re2 Rf3 43. Re1 Rf2 44. Rxa5 Rgg2 45. e4 Rxh2+ 46.
Kg1 Rfg2+ 47. Kf1 Rxa2 48. exd5+ Kf5 49. Rxa2 Rxa2 50. Rc1 Ra4 51. d6 Ke6 52.
Rd1 Kd7 53. Rd4 Ra1+ 54. Ke2 Ra2+ 55. Kd1 c3 56. Rc4 Rd2+ 57. Ke1 Rd3 58. Ke2
Rh3 59. Rd4 Rh5 60. Rc4 Rh3 61. Rd4 Rh2+ 62. Kd1 Rf2 63. Rd3 h5 64. Rxc3
1/2-1/2

[Event "Campeonato Brasileiro Juvenil 2012 - Abs"]
[Site "Sao Paulo"]
[Date "2012.06.09"]
[Round "5.10"]
[White "Barreiros Da Silva, Denison Kle"]
[Black "De Carvalho, Igor Lorenzon"]
[Result "1-0"]
[WhiteElo "1918"]
[BlackElo "1867"]
[PlyCount "67"]
[EventDate "2012.06.07"]

1. e4 c6 2. Nc3 d5 3. Nf3 dxe4 4. Nxe4 Nf6 5. Ng3 Bg4 6. Bc4 e6 7. h3 Bxf3 8.
Qxf3 Nbd7 9. Bb3 Bd6 10. d4 Qc7 11. Ne2 O-O 12. c3 e5 13. O-O h6 14. Qf5 exd4
15. Nxd4 Kh8 16. Re1 g6 17. Qf3 Kg7 18. Bc2 Rae8 19. Bd2 a6 20. Rad1 c5 21. Ne2
Nh7 22. Qd3 Re6 23. c4 Ndf6 24. Nc3 Rfe8 25. Rxe6 Rxe6 26. Re1 Nf8 27. Rxe6
Nxe6 28. Ne2 Qc6 29. Qe3 Ng8 30. Bc3+ Kh7 31. Be4 Qa4 32. Qd3 Bb8 33. b3 Qxa2
34. Bxg6+ 1-0

[Event "Campeonato Brasileiro Juvenil 2012 - Abs"]
[Site "Sao Paulo"]
[Date "2012.06.09"]
[Round "5.11"]
[White "Sousa, Felipe Mazim De"]
[Black "Nolasco, Vitor"]
[Result "0-1"]
[WhiteElo "1707"]
[BlackElo "1918"]
[PlyCount "90"]
[EventDate "2012.06.07"]

1. e4 c6 2. d4 d5 3. exd5 cxd5 4. c4 Nf6 5. Nc3 e6 6. Nf3 Nc6 7. Be3 dxc4 8.
Bxc4 Be7 9. O-O O-O 10. d5 exd5 11. Nxd5 Bg4 12. Nxe7+ Qxe7 13. Bg5 Qc5 14. Qc2
Kh8 15. Be3 Qh5 16. Nd2 Ne5 17. f3 Nxc4 18. Nxc4 Bf5 19. Qf2 b6 20. Rfd1 Be6
21. Nd6 Nd5 22. b3 Rfd8 23. Ne4 f6 24. Rac1 Rac8 25. Bd4 Qf7 26. Bb2 Rxc1 27.
Bxc1 Qe7 28. Qd2 Rc8 29. Bb2 Kg8 30. f4 h6 31. f5 Bf7 32. Re1 Qd7 33. g4 Qc6
34. Rc1 Qd7 35. Rxc8+ Qxc8 36. Nd6 Qc5+ 37. Kg2 Qxd6 38. Kf3 Qc6 39. Kg3 Qb5
40. h4 Qb4 41. Qc1 Qe4 42. Qc8+ Kh7 43. Qc1 Ne3 44. Qc7 Qg2+ 45. Kf4 Qh2+ 0-1

[Event "Campeonato Brasileiro Juvenil 2012 - Abs"]
[Site "Sao Paulo"]
[Date "2012.06.09"]
[Round "5.12"]
[White "Takeda, Lucas Koji"]
[Black "Flach, Kauan Andrei"]
[Result "1-0"]
[WhiteElo "1902"]
[BlackElo "1699"]
[PlyCount "101"]
[EventDate "2012.06.07"]

1. d4 Nf6 2. Nf3 g6 3. c4 Bg7 4. Nc3 O-O 5. Bf4 d6 6. h3 Nbd7 7. e3 Qe8 8. Be2
e5 9. Bh2 c6 10. O-O b6 11. b4 Bb7 12. Qc2 a5 13. a3 Qb8 14. c5 Ne8 15. Rad1
bxc5 16. dxc5 d5 17. e4 axb4 18. axb4 Nc7 19. b5 d4 20. b6 Ne6 21. Nxd4 Nxd4
22. Rxd4 Qc8 23. Ra4 Nxc5 24. Rxa8 Qxa8 25. Qb2 Ba6 26. Bxa6 Qxa6 27. Ra1 Qc8
28. Qb4 Nb7 29. Ra7 Qd7 30. Bg3 Rb8 31. Qa4 f6 32. Nd5 Nc5 33. Qa2 Qd8 34.
Nxf6+ Kh8 35. Nd7 Nxd7 36. Qf7 Rxb6 37. Rxd7 Qg8 38. Qxg7+ Qxg7 39. Rd8+ Qf8
40. Rxf8+ Kg7 41. Re8 Rb5 42. Rxe5 c5 43. Re7+ Kg8 44. e5 c4 45. Rc7 Rb1+ 46.
Kh2 Rc1 47. e6 Re1 48. e7 Kf7 49. Bd6 Re6 50. Bb4 Re4 51. Rc8 1-0

[Event "Campeonato Brasileiro Juvenil 2012 - Abs"]
[Site "Sao Paulo"]
[Date "2012.06.09"]
[Round "5.14"]
[White "Cruz, Arquias Sofocles Gui"]
[Black "E Silva, Hamilton Moreira"]
[Result "1/2-1/2"]
[WhiteElo "1838"]
[BlackElo "1939"]
[PlyCount "129"]
[EventDate "2012.06.07"]

1. e4 c5 2. Nf3 a6 3. c4 Nc6 4. d4 cxd4 5. Nxd4 e6 6. Be3 Qc7 7. Nc3 Nf6 8. Rc1
Bb4 9. f3 d5 10. Nxc6 bxc6 11. Bd3 O-O 12. O-O Rd8 13. cxd5 Bxc3 14. bxc3 cxd5
15. Qc2 h6 16. Rb1 Nd7 17. exd5 exd5 18. Bh7+ Kh8 19. Rfd1 Qc6 20. Bf5 Nc5 21.
Bxc8 Raxc8 22. Qf5 Qe6 23. Qf4 Re8 24. Bd4 f6 25. Bxc5 Rxc5 26. Re1 Qxe1+ 27.
Rxe1 Rxe1+ 28. Kf2 Ra1 29. Qb8+ Kh7 30. Qb2 Rh1 31. h3 Rb5 32. Qc2+ Kh8 33. Qa4
Rb2+ 34. Kg3 Re1 35. Qxa6 Re5 36. Qc8+ Kh7 37. f4 Re3+ 38. Kh2 h5 39. Qf5+ Kh6
40. Qxd5 Rxc3 41. Qa8 Rcc2 42. a4 Ra2 43. Qe4 Rcb2 44. f5 Rf2 45. a5 Rfb2 46.
Qf4+ Kh7 47. Qf3 Rb8 48. Qd5 Ra1 49. Kg3 Re8 50. Qf7 Re5 51. Qxh5+ Kg8 52. Qf3
Raxa5 53. Kg4 Ra4+ 54. Kg3 Raa5 55. Qh5 Ra3+ 56. Kh2 Ree3 57. Qg4 Re5 58. Qc4+
Kh7 59. Qh4+ Kg8 60. Qc4+ Kf8 61. Qc8+ Ke7 62. Qc7+ Kf8 63. Qd8+ Kf7 64. Qc7+
Kg8 65. Qc4+ 1/2-1/2

[Event "Campeonato Brasileiro Juvenil 2012 - Abs"]
[Site "Sao Paulo"]
[Date "2012.06.09"]
[Round "5.15"]
[White "Araujo, Leonardo Augusto De"]
[Black "Poeta, Caio Medeiros"]
[Result "1/2-1/2"]
[WhiteElo "1932"]
[BlackElo "1859"]
[PlyCount "86"]
[EventDate "2012.06.07"]

1. e4 e6 2. Qe2 c5 3. Nf3 Nc6 4. g3 g6 5. Bg2 Bg7 6. d3 Nge7 7. O-O O-O 8. c3
e5 9. Bg5 h6 10. Be3 d6 11. Nbd2 f5 12. exf5 gxf5 13. Nc4 d5 14. Na3 d4 15. Bd2
Ng6 16. Nc4 Re8 17. Ne1 f4 18. Qh5 Qg5 19. Qxg5 hxg5 20. Be4 Nce7 21. Nd6 Rd8
22. Nxc8 Raxc8 23. h3 b5 24. Nf3 Bf6 25. a4 Rb8 26. axb5 Rxb5 27. Ra2 Rdb8 28.
Rb1 Rb3 29. c4 Kg7 30. Bc1 Nc8 31. Rba1 Nd6 32. Rxa7+ Kh6 33. Nd2 Nxe4 34. Nxe4
Be7 35. R7a3 Nf8 36. g4 Kg6 37. f3 Ne6 38. Kf1 Nd8 39. Ke2 Kf7 40. Kd2 Nc6 41.
Rxb3 Rxb3 42. Kc2 Rb8 43. Bd2 Ke6 1/2-1/2

[Event "Campeonato Brasileiro Juvenil 2012 - Abs"]
[Site "Sao Paulo"]
[Date "2012.06.09"]
[Round "5.16"]
[White "De Assis, Henrique Zerbini J"]
[Black "Rigonati, Eduardo Enrico Santa"]
[Result "1-0"]
[WhiteElo "1766"]
[BlackElo "1810"]
[PlyCount "57"]
[EventDate "2012.06.07"]

1. e4 Nf6 2. e5 Nd5 3. d4 d6 4. c4 Nb6 5. exd6 cxd6 6. Nc3 g6 7. Nf3 Bg7 8. Be2
O-O 9. O-O Nc6 10. h3 Bf5 11. Be3 Rc8 12. Rc1 Re8 13. a3 e5 14. b4 exd4 15.
Nxd4 Nxd4 16. Bxd4 Bh6 17. f4 Nxc4 18. Nd5 Ne5 19. Rxc8 Bxc8 20. fxe5 Bg7 21.
Nf6+ Bxf6 22. exf6 Re4 23. Bf3 Rh4 24. Re1 Be6 25. Bg4 Qd7 26. Qe2 Kf8 27. Be3
h5 28. Bg5 Bxg4 29. Qe7+ 1-0

[Event "Campeonato Brasileiro Juvenil 2012 - Abs"]
[Site "Sao Paulo"]
[Date "2012.06.09"]
[Round "5.19"]
[White "Gomes Silverio, Taua"]
[Black "Correia, Vitor Paie"]
[Result "1-0"]
[WhiteElo "1665"]
[BlackElo "1494"]
[PlyCount "35"]
[EventDate "2012.06.07"]

1. Nf3 Nf6 2. g3 d5 3. Bg2 e6 4. O-O Nbd7 5. d3 c5 6. Nbd2 b6 7. Re1 Bb7 8. c3
Rb8 9. Qc2 Qc7 10. e4 Bd6 11. exd5 Bxd5 12. Nc4 O-O 13. Nxd6 Qxd6 14. Bf4 e5
15. Nxe5 Rbe8 16. Ng6 Rxe1+ 17. Rxe1 Qc6 18. Ne7+ 1-0